000 00809nam a2200241Ia 4500
003 OSt
005 20220923212141.0
006 a|||||r|||| 00| 0
007 ta
008 220922b |||||||| |||| 00| 0 hin d
024 _a151,129
037 _cTextual
040 _aARTS
_cARTS
_bhin
041 _2hin
_ahin
082 _aO152,1:g, K5
100 _aब्रजनन्दन प्रसाद, अखोैरी
_9158744
245 0 _aकाव्यात्मक बिम्ब
246 _aKāvyātmak bimba
260 _aपटना
_b ज्ञानालोेक
_c1965
650 _aहिन्दी साहित्य
_9156264
942 _hO152,1:g, K5
_cTEXL
_2CC
999 _c306802
_d306802